000 00606nam a2200229Ia 4500
003 OSt
005 20220928104110.0
006 a|||||r|||| 00| 0
007 ta
008 220927b |||||||| |||| 00| 0 eng d
024 _a52430
037 _cTextual
040 _aSDCL
_cSDCL
_beng
041 _2eng
_aeng
082 _aO152,1N1:g, L5
100 _aSingh Vijay Bahadur
_9393763
245 0 _aVrihattrayee.
260 _aDelhi
_bMachincal Company Of India
_c1975
300 _a258p.
_ccm.
942 _hO152,1N1:g, L5
_cTEXL
_2CC
999 _c724037
_d724037